| 000 | 00517nam a22001817a 4500 | ||
|---|---|---|---|
| 005 | 20240724092426.0 | ||
| 008 | 240724b |||||||| |||| 00| 0 eng d | ||
| 020 | _a9788177585414 | ||
| 082 |
_a547 _bFIN-O |
||
| 100 | _aFinar I.L | ||
| 245 |
_aOrganic Chemistry : _bStereochemistry and the Chemistry Natural Products / _cFinar I.L |
||
| 260 |
_aIndia : _bPearson; _c2013 |
||
| 300 |
_a956p. _bill; _c24 cm. |
||
| 490 | _vvol 2 | ||
| 500 | _ainclude index . | ||
| 650 | _aMedical / Organic Chemistry | ||
| 999 |
_c36200 _d36200 |
||